| 000 | 01369nam a22003017a 4500 | ||
|---|---|---|---|
| 999 |
_c118184 _d118184 |
||
| 003 | dpl | ||
| 005 | 20190413141352.0 | ||
| 008 | 190413b ||||| |||| 00| 0 eng d | ||
| 010 | _aB-056294 | ||
| 020 | _c225.00 | ||
| 035 | _aB-056294, B-056298 | ||
| 037 | _bCen Lib/Ret | ||
| 040 |
_aDPL _bHN _c0 |
||
| 082 |
_a230.64 _bशर्माचे |
||
| 100 |
_aशर्मा, चेतन _978742 |
||
| 245 |
_aअवधी व्रत कथाएँ / _cचेतन शर्मा [और] सत्यप्रकाश शर्मा;सम्पादक वेद प्रकाश सोनी |
||
| 246 |
_aAvdhi vrat kathaen / _bby Chetan Sharma [aur] Satyaprakash Sharma;sampadak Ved Prakash Soni |
||
| 260 |
_aनई दिल्ली _bचेतन साहित्य मंदिर _c2001 |
||
| 270 |
_aए-47, अमर कालोनी _bनई दिल्ली _e110024 |
||
| 300 |
_a192पृ. _c20सेमी(सजिल्द) |
||
| 650 |
_aहिन्दू धर्म _91413 |
||
| 650 |
_aहिन्दू -- व्रत _91413 |
||
| 650 |
_aHindu religion _978743 |
||
| 650 |
_aHindu - fast _978744 |
||
| 700 |
_aशर्मा, सत्यप्रकाश _99690 |
||
| 700 |
_aसोनी, वेद प्रकाश _964636 |
||
| 942 |
_2ddc _cHN _h230.64 _mशर्माचे |
||